Normal view
MARC view
- الكرك(الاردن)-تاريخ- التعليم في عهد الامارة 1921-1946
Entry Topical Term
001 - CONTROL NUMBER
- control field: 47722
003 - CONTROL NUMBER IDENTIFIER
- control field: JO-AjAnu
005 - DATE AND TIME OF LATEST TRANSACTION
- control field: 20230606081857.0
008 - FIXED-LENGTH DATA ELEMENTS
- fixed length control field: 230606|| aca||aabn | a|a d
040 ## - CATALOGING SOURCE
- Original cataloging agency: JO-AjAnu
- Transcribing agency: JO-AjAnu
150 ## - HEADING--TOPICAL TERM
- Topical term or geographic name entry element: الكرك(الاردن)-تاريخ- التعليم في عهد الامارة 1921-1946
670 ## - SOURCE DATA FOUND
- Source citation: Work cat.: (JO-AjAnu)24420: القرالة، فيصل عبد الكريم سلامة, author 47721, التعليم في الكرك في عهد الإمارة من عام 1921-1946م